Metódy viackriteriálneho vyhodnocovania alternatív: aplikácia v procese kúpy nehnuteľnosti a vývoj vlastného sofvérového produktu bakalárska práca

Guardado en:
Detalles Bibliográficos
Autor principal: Németh, Alex
Autor Corporativo: Fakulta hospodárskej informatiky EU. Katedra operačného výskumu a ekonometrie
Otros Autores: Furková, Andrea, 1975-
Formato: Libro
Lenguaje:eslovaco
Publicado: Bratislava 2024
Etiquetas: Agregar Etiqueta
Sin Etiquetas, Sea el primero en etiquetar este registro!

MARC

LEADER 00000nbm a2200000 4500
001 0304110
005 20250130082120.4
041 0 |a slo 
044 |a SK 
245 1 0 |a Metódy viackriteriálneho vyhodnocovania alternatív: aplikácia v procese kúpy nehnuteľnosti a vývoj vlastného sofvérového produktu  |b bakalárska práca  |c Alex Németh ; školiteľ: Andrea Furková 
264 1 |a Bratislava  |c 2024 
300 |a 51 s. 
100 1 |a Németh, Alex 
700 1 |a Furková, Andrea, 1975- 
710 2 |a Fakulta hospodárskej informatiky EU. Katedra operačného výskumu a ekonometrie